Rostros /
Guardado en:
| Hovedforfatter: | |
|---|---|
| Format: | Ukendt |
| Sprog: | Spanish |
| Udgivet: |
México :
Editorial Porrua S. A,
1942.
|
| Udgivelse: | 2. edición |
| Fag: | |
| Tags: |
Tilføj Tag
Ingen Tags, Vær først til at tagge denne postø!
|
MARC
| LEADER | 000000000a22000000004500 | ||
|---|---|---|---|
| 001 | 002985 | ||
| 041 | 0 | |a spa | |
| 082 | 0 | 4 | |a M863.3 |b R763r2 |
| 100 | 1 | |a Romero, Rubén | |
| 245 | 1 | 0 | |a Rostros / |c Rubén Romero. |
| 250 | |a 2. edición | ||
| 260 | 1 | |a México : |b Editorial Porrua S. A, |c 1942. | |
| 300 | |a 272 páginas | ||
| 650 | 4 | |a LITERATURA MEXICANA | |
| 650 | 4 | |a NOVELA | |
| 999 | |c 9306 |d 9306 | ||
| 942 | |c BK |h M863.3 R763r2 |2 z | ||
